000 00623nam a2200205 a 4500
999 _c2770
_d2770
003 PK-NaQUE
005 20250717120204.0
008 250717b ||||| |||| 00| 0 eng d
020 _a0071475222 (hardcover)
020 _a9780071475228 (hardcover)
040 _cQUEST
082 _a577.727MAL
100 1 _aMalek, Mohammad.
245 1 0 _aHeating Boiler Operator's Manual : maintenance, operation, and repair
260 _aNew Delhi
_bMcGraw-Hill Professional,
_c2007
300 _aXV,392 p. ;
650 _aSteam-boilers
856 _uhttp://10.10.170.122:8080/browse/book/27830
_yDownload eBook
942 _cBK
_2ddc